000 01045nam a22003257a 4500
003 CHAP
005 20220329133626.0
008 971013s1985 r 00010 d
010 _a8747
011 _a9719
035 _a8954
040 _cCHAP
090 _aFolleto 7314 v.29
110 _aInternational Board for Plant Genetic Resources
_959561
245 _aDescriptors for chickpea
260 _aRome :
_bIBPGR,
_c1985
300 _a15 p.
590 _aBATCH-UPD
_b10
_c20130110
_lUCH01
_h1904
590 _aBATCH-UPD
_b10
_c20130410
_lUCH01
_h1231
590 _aBATCH-UPD
_b10
_c20130914
_lUCH01
_h1526
590 _aCONVERSION
_b10
_c20130109
_lUCH01
_h1306
650 1 4 _aGarbanzo
_xGenética.
_945611
650 1 4 _aGarbanzo
_xGermoplasma.
_945613
650 1 4 _aRecursos genéticos.
_995078
901 _aBK
942 _cFOLL
949 _aFolleto 7314 v.29
_bBC
_cFOLL
_d-19389
_eTS1
_i8954
_mD
_si
949 _aFolleto 7314 v.29
_bBC
_cFOLL
_d-19390
_eTS2
_fc.2
_i8954
_mD
_si
949 _aFolleto 7314 v.29
_bBC
_cFOLL
_d-19391
_eTS2
_fc.3
_i8954
_mD
_si
999 _c8747
_d8747